000 00563nam a2200193Ia 4500
003 GCL
008 140319s9999 xx 000 0 ara d
040 _aGCL /
_cGCL
082 0 4 _a330.1
_bح ن
100 1 _aحمدى العنانى
245 1 0 _aالنظرية الاقتصادية فى ظل نظم المشروعات الخاصة /
_cحمدى العنانى
260 _a[S.N] :
_bبرنت للطباعة
300 _a492 ص
490 _a
650 0 4 _aالاقتصاد
650 0 4 _aالرأسمالية
650 0 4 _aنظريات
942 _2ddc
_cBK
999 _c54678
_d54678